|
|
|
|
| LEADER |
00000nab a2200000ua 4500 |
| 001 |
vtls010835058 |
| 003 |
SK-MaSNL |
| 005 |
20260303144410.0 |
| 008 |
230222s2012 xo |||||||||||||||||eng| |
| 035 |
|
|
|a (urnnbn)urn:nbn:sk:snk:ar-a06pv6
|
| 035 |
|
|
|a urn:nbn:sk:snk-ab5z3t
|
| 035 |
|
|
|a (uuid)d8a02066-bc70-412b-955e-df6627ea4d86
|
| 040 |
|
|
|a SNKBUCL
|b slo
|c SNKBUCL
|e AACR2
|
| 041 |
0 |
|
|a eng
|
| 044 |
|
|
|a xo
|c SK
|
| 100 |
1 |
|
|a Kuric, Ivan,
|d 1964-
|4 aut
|9 217636
|
| 245 |
1 |
4 |
|a The Measurement and Diagnostics of Geometrie Errors in CNC Machine Tools
|c Ivan Kuric, Matus Kosinar
|
| 700 |
1 |
|
|a Kosinar, Matus
|4 aut
|9 1165770
|
| 773 |
0 |
|
|t Výrobné inžinierstvo
|g Roč. 11, č. 3 (2012), s. 22-25
|
| 958 |
|
|
|a OND
|
| 958 |
|
|
|a EUIPO
|
| 958 |
|
|
|a article5
|
| 999 |
|
|
|c 1997239
|d 1999169
|